Going places (Record no. 1853)
[ view plain ]
| 000 -LEADER | |
|---|---|
| fixed length control field | 01785cas a2200481 a 4500 |
| 001 - CONTROL NUMBER | |
| control field | data |
| 005 - DATE AND TIME OF LATEST TRANSACTION | |
| control field | 20260322212121.0 |
| 007 - PHYSICAL DESCRIPTION FIXED FIELD--GENERAL INFORMATION | |
| fixed length control field | data |
| 008 - FIXED-LENGTH DATA ELEMENTS--GENERAL INFORMATION | |
| fixed length control field | data |
| 035 ## - SYSTEM CONTROL NUMBER | |
| System control number | 18779458 |
| 010 ## - LIBRARY OF CONGRESS CONTROL NUMBER | |
| LC control number | sn 83010754 |
| 022 0# - INTERNATIONAL STANDARD SERIAL NUMBER | |
| International Standard Serial Number | 0271-9525 |
| ISSN-L [OBSOLETE] | 0271-9525 |
| Source | 1 |
| 035 ## - SYSTEM CONTROL NUMBER | |
| System control number | (OCoLC)6281765 |
| 040 ## - CATALOGING SOURCE | |
| Original cataloging agency | NRC |
| Language of cataloging | eng |
| Transcribing agency | NRC |
| Modifying agency | DLC |
| -- | NSD |
| -- | IUL |
| -- | NST |
| -- | NSD |
| -- | OCLCQ |
| -- | OCLCF |
| -- | OCLCO |
| -- | DLC |
| 042 ## - AUTHENTICATION CODE | |
| Authentication code | lccopycat |
| -- | lccopycat |
| 050 #4 - LIBRARY OF CONGRESS CALL NUMBER | |
| Classification number | G149 |
| Item number | .C64 |
| 050 00 - LIBRARY OF CONGRESS CALL NUMBER | |
| Classification number | Microfiche 5207 |
| 130 0# - MAIN ENTRY--UNIFORM TITLE | |
| Uniform title | Going places (Glen Rock, N.J.) |
| 210 0# - ABBREVIATED TITLE | |
| Abbreviated title | Going places |
| Qualifying information | (Glen Rock N.J.) |
| 222 #0 - KEY TITLE | |
| Key title | Going places |
| Qualifying information | (Glen Rock, N.J.) |
| 245 00 - TITLE STATEMENT | |
| Title | Going places |
| Medium | [microform] / |
| Statement of responsibility, etc. | produced by CBS News. |
| 260 ## - PUBLICATION, DISTRIBUTION, ETC. | |
| Place of publication, distribution, etc. | Glen Rock, N.J. : |
| Name of publisher, distributor, etc. | Microfilming Corp. of America, |
| Date of publication, distribution, etc. | 1979-1980. |
| 300 ## - PHYSICAL DESCRIPTION | |
| Extent | 3 microfiches. |
| 310 ## - CURRENT PUBLICATION FREQUENCY | |
| Current publication frequency | Irregular |
| 336 ## - CONTENT TYPE | |
| Content type term | text |
| Content type code | txt |
| Source | rdacontent |
| 337 ## - MEDIA TYPE | |
| Media type term | microform |
| Media type code | h |
| Source | rdamedia |
| 338 ## - CARRIER TYPE | |
| Carrier type term | microfiche |
| Carrier type code | he |
| Source | rdacarrier |
| 362 0# - DATES OF PUBLICATION AND/OR SEQUENTIAL DESIGNATION | |
| Dates of publication and/or sequential designation | Vol. 1, no. 1 (Nov. 6, 1979)-v. 2, no. 2 (Dec. 2, 1980). |
| 500 ## - GENERAL NOTE | |
| General note | "Transcripts from the television broadcasts." |
| 500 ## - GENERAL NOTE | |
| General note | Place of publication varies: Sanford, N.C., <Aug. 9, 1980>-Dec. 2, 1980. |
| 515 ## - NUMBERING PECULIARITIES NOTE | |
| Numbering peculiarities note | Vol. 1, no. 2 never published. |
| 530 ## - ADDITIONAL PHYSICAL FORM AVAILABLE NOTE | |
| Additional physical form available note | Available also as part of an annual microfilmed transcript of various CBS public affairs programs. |
| 650 #0 - SUBJECT ADDED ENTRY--TOPICAL TERM | |
| Topical term or geographic name entry element | Travel. |
| 650 #7 - SUBJECT ADDED ENTRY--TOPICAL TERM | |
| Topical term or geographic name entry element | Travel. |
| Source of heading or term | fast |
| Authority record control number or standard number | (OCoLC)fst01155558 |
| 710 2# - ADDED ENTRY--CORPORATE NAME | |
| Corporate name or jurisdiction name as entry element | CBS News. |
| 730 0# - ADDED ENTRY--UNIFORM TITLE | |
| Uniform title | Going places (Television program) |
| 776 1# - ADDITIONAL PHYSICAL FORM ENTRY | |
| Title | CBS News public affairs broadcasts |
| Record control number | (OCoLC)8152843 |
| 906 ## - LOCAL DATA ELEMENT F, LDF (RLIN) | |
| a | 7 |
| b | cbc |
| c | sercoop |
| d | 3 |
| e | ncip |
| f | 20 |
| g | n-oclcserc |
| 925 0# - | |
| -- | Acquire |
| -- | 1 shelf copy |
| -- | policy default |
| Withdrawn status | Lost status | Damaged status | Not for loan | Home library | Current library | Shelving location | Date acquired | Total checkouts | Full call number | Barcode | Date last seen | Price effective from | Koha item type |
|---|---|---|---|---|---|---|---|---|---|---|---|---|---|
| Centerville | Centerville | General stacks | 22/03/2026 | G149 | LOC-CPL-00021 | 22/03/2026 | 22/03/2026 | Books |